Skoki narciarskie - liderzy PŚ 2009/2010 - Statystyki

Ogólne statystyki
  • Ten quiz został rozwiązany 37 razy
  • Średni wynik to 7 z 9
Statystyki odpowiedzi
Konkursy Zawodnik % Poprawnych
13-koniec Simon Ammann
100%
12 Gregor Schlierenzauer
90%
10-11 Simon Ammann
90%
3 Gregor Schlierenzauer
84%
5 Gregor Schlierenzauer
84%
4 Simon Ammann
84%
6-8 Simon Ammann
84%
9 Gregor Schlierenzauer
81%
1-2 Bjorn Einar Romoren
26%
Nie znaleziono quizów pasujących do podanych kryteriów
Rozkład punktacji
Procent ludzi z każdym wynikiem
Percentyl według liczby udzielonych odpowiedzi
Twoja historia wyników
Nie rozwiązałeś tego quizu